[Event "Isbank Ataturk Women's Masters"]
[Site "Istanbul TUR"]
[Date "2008.03.16"]
[Round "6"]
[White "Krush,I"]
[Black "Cramling,P"]
[Result "1/2-1/2"]
[WhiteElo "2473"]
[BlackElo "2524"]

1.d4 d5 2.c4 c6 3.Nf3 Nf6 4.Nc3 a6 5.h3 h6 6.c5 Bf5 7.Bf4 Nbd7 8.e3 e6 9.Be2 Be7
10.b4 Ne4 11.Nxe4 Bxe4 12.a4 O-O 13.O-O Bxf3 14.Bxf3 Re8 15.Bh2 Bf6 16.e4 g6
17.e5 Be7 18.Be2 b6 19.Bf4 a5 20.b5 bxc5 21.bxc6 Nb8 22.Bb5 Qc7 23.dxc5 Nxc6
24.Bxh6 Rec8 25.Bf4 Bxc5 26.Rc1 Qb6 27.h4 Bf8 28.h5 Ne7 29.Qg4 Bg7 30.Bg5 gxh5
31.Qxh5 Ng6 32.Rcd1 Nxe5 33.Bh6 Bxh6 34.Qxh6 Ng6 35.Rd3 Qd6 36.Rg3 e5 37.f4 exf4
38.Rxf4 Rc1+ 39.Kh2 Rc3 40.Rfg4 Rac8 41.Kh3 Rxg3+ 42.Rxg3 Rc3 43.Rxc3 Nf4+
44.Qxf4 Qxf4 45.Rd3 Qe4 46.Kg3 Kf8 47.Kf2 Qf5+ 48.Ke2 Qe4+ 49.Kf2 d4 50.Kf1 Ke7
51.Kf2 Kd6 52.Kf1 Kd5 53.Kf2 Qf4+ 54.Ke2 Qc1 55.Rd1 Qg5 56.Kf2 Qf5+ 57.Ke1 Qc2
58.Rd2 Qc1+ 59.Rd1 Qc3+ 60.Kf1 Ke4 61.Re1+ Kf4 62.Rd1 Ke3 63.Re1+ Kd2 64.Re7 Qg3
65.Kg1 Qh4 66.Rxf7 Qe1+ 67.Rf1 Qe3+ 68.Kh2 Qe5+ 69.Kg1 Qc5 70.Rf3 Qe5 71.Kh1 Qe1+
72.Kh2 Qh4+ 73.Kg1 Qe1+ 74.Kh2  1/2-1/2

[Event "Isbank Ataturk Women's Masters"]
[Site "Istanbul TUR"]
[Date "2008.03.17"]
[Round "7"]
[White "Hou Yifan"]
[Black "Krush,I"]
[Result "1-0"]
[WhiteElo "2527"]
[BlackElo "2473"]

1.e4 c5 2.Nf3 Nc6 3.d4 cxd4 4.Nxd4 Nf6 5.Nc3 e5 6.Ndb5 d6 7.Bg5 a6 8.Na3 b5
9.Bxf6 gxf6 10.Nd5 f5 11.Bd3 Be6 12.c4 fxe4 13.Bxe4 Rc8 14.O-O Bg7 15.f4 Nd4
16.Qh5 b4 17.Nxb4 Qb6 18.Nd5 Qxb2 19.f5 Bxd5 20.Bxd5 O-O 21.f6 Bxf6 22.Be4 Rfd8
23.Qxh7+ Kf8 24.Qh6+  1-0

[Event "1st North American Match Challenge"]
[Site "Skokie USA"]
[Date "2008.03.31"]
[Round "1"]
[White "Mkrtchian,L"]
[Black "Krush,I"]
[Result "1/2-1/2"]
[WhiteElo "2405"]
[BlackElo "2473"]

1.e4 c5 2.Nf3 Nc6 3.Bb5 g6 4.Bxc6 bxc6 5.O-O Bg7 6.Re1 Nh6 7.c3 O-O 8.d4 cxd4
9.cxd4 d6 10.h3 f6 11.Nc3 Nf7 12.b3 e5 13.Bb2 f5 14.exf5 gxf5 15.dxe5 dxe5
16.Na4 Qc7 17.Rc1 Be6 18.Nd4 Bd7 19.Nb5 Qd8 20.Nd6 Qe7 21.Nxf7 Rxf7 22.Bxe5 Bxe5
23.f4 Bxf4 24.Rxe7 Rxe7 25.Rc4 Bg3 26.Nc5 Re1+ 27.Qxe1 Bxe1 28.Nxd7 Rd8 29.Kf1 Bg3
30.Rd4 Kg7 31.Ke2 Re8+ 32.Kf3 Bc7 33.Nc5 Bb6 34.Rd7+ Kf6 35.b4 Bxc5 36.Kf4 Kg6
37.Kf3  1/2-1/2

[Event "1st North American Match Challenge"]
[Site "Skokie USA"]
[Date "2008.04.01"]
[Round "2"]
[White "Krush,I"]
[Black "Mkrtchian,L"]
[Result "1/2-1/2"]
[WhiteElo "2473"]
[BlackElo "2405"]

1.d4 e6 2.c4 f5 3.g3 Nf6 4.Bg2 c6 5.Nf3 d5 6.O-O Bd6 7.b3 Qe7 8.Bb2 b6 9.Qc1 Bb7
10.Ba3 Nbd7 11.Bxd6 Qxd6 12.Nbd2 O-O 13.Qb2 c5 14.Rfd1 Qe7 15.Ne5 Nxe5 16.dxe5 Ne4
17.e3 Rad8 18.a3 Nxd2 19.Rxd2 dxc4 20.Bxb7 Rxd2 21.Qxd2 Rd8 22.Qe2 Qxb7 23.bxc4 Qe4
24.Rd1 Rxd1+ 25.Qxd1 Qxc4 26.Qd8+ Kf7 27.Qd7+ Kg6 28.Qxa7 Qb3 29.h4 c4 30.Qd7 c3
31.Qe8+ Kh6 32.Qd8 Kg6 33.Qe8+ Kh6 34.Qd8  1/2-1/2

[Event "1st North American Match Challenge"]
[Site "Skokie USA"]
[Date "2008.04.02"]
[Round "3"]
[White "Mkrtchian,L"]
[Black "Krush,I"]
[Result "1/2-1/2"]
[WhiteElo "2405"]
[BlackElo "2473"]

1.e4 c5 2.Nf3 d6 3.d4 cxd4 4.Nxd4 Nf6 5.Nc3 a6 6.Bg5 e6 7.f4 Be7 8.Qf3 h6
9.Bh4 Nbd7 10.O-O-O Qc7 11.Be2 Rb8 12.Qg3 g5 13.fxg5 hxg5 14.Bxg5 b5 15.e5 Nxe5
16.Bxf6 Bxf6 17.Ne4 Be7 18.Qg7 Rh4 19.Bf3 d5 20.Nf6+ Bxf6 21.Qxf6 Nxf3 22.Nxf3 Qf4+
23.Qxf4 Rxf4 24.Rhf1 Rb7 25.g3 Re4 26.Ng5 Rg4 27.Nh7 Ke7 28.Rf6 Rc7 29.Rdf1 Rg7
30.Rh6 f5 31.Nf6 Rc4 32.Nh5 Rf7 33.Nf4 Re4 34.Rf3 b4 35.Kd2 Kd6 36.a3 a5
37.axb4 axb4 38.h4 Rc7 39.c3 Rb7 40.Rd3 bxc3+ 41.bxc3 Kc5 42.Kc2 Bd7 43.Rd2 Kc4
44.Ne2 Ra7 45.Kb2 Rb7+ 46.Kc2 Ra7 47.Kb2 Rb7+ 48.Kc2  1/2-1/2

[Event "1st North American Match Challenge"]
[Site "Skokie USA"]
[Date "2008.04.03"]
[Round "4"]
[White "Krush,I"]
[Black "Mkrtchian,L"]
[Result "1-0"]
[WhiteElo "2473"]
[BlackElo "2405"]

1.d4 e6 2.c4 f5 3.Nc3 Nf6 4.Qc2 Bb4 5.e3 O-O 6.Bd3 d6 7.Ne2 c5 8.d5 Bxc3+
9.Nxc3 exd5 10.cxd5 Ng4 11.O-O Na6 12.Be2 Qe7 13.h3 Nf6 14.b3 Bd7 15.Bb2 Nc7
16.Rad1 Ne4 17.Rfe1 Qh4 18.Bd3 Rae8 19.f3 Nxc3 20.Bxc3 b5 21.e4 fxe4 22.Bxe4 Rc8
23.Re2 Rf7 24.a4 Ne8 25.Rde1 bxa4 26.bxa4 Rb8 27.Rb1 Rxb1+ 28.Qxb1 Bxa4 29.Bf5 Qc4
30.Bxh7+ Kf8 31.Qe1 Nf6 32.Bg6 Rb7 33.Bxf6 gxf6 34.Re4 Qa2 35.Qh4 Rg7 36.Qh8+  1-0

[Event "Gausdal Classics GMA"]
[Site "Gausdal NOR"]
[Date "2008.04.08"]
[Round "1"]
[White "Kaidanov,G"]
[Black "Krush,I"]
[Result "1-0"]
[WhiteElo "2596"]
[BlackElo "2479"]

1.e4 c5 2.Nf3 Nc6 3.d4 cxd4 4.Nxd4 Nf6 5.Nc3 e5 6.Ndb5 d6 7.Nd5 Nxd5 8.exd5 Nb8
9.a4 Be7 10.Be2 O-O 11.O-O a6 12.Na3 Nd7 13.Kh1 b6 14.Nc4 Bb7 15.a5 b5 16.Ne3 f5
17.f4 g6 18.c4 exf4 19.Rxf4 Bg5 20.Rf2 Qe7 21.Nf1 bxc4 22.Bxc4 Ne5 23.b3 Rac8
24.Bxg5 Qxg5 25.Qd4 Qf6 26.Rd1 Ng4 27.Re2 Qxd4 28.Rxd4 Ne5 29.Nd2 Kg7 30.Nf3 Kf6
31.Rd1 Rc5 32.h4 h6 33.Nxe5 dxe5 34.d6 f4 35.d7 f3 36.Red2 Rd8 37.Kg1 Rxa5
38.Rd6+ Kf5 39.Rb6 Be4 40.Re6 Ra2 41.gxf3 Bxf3 42.Re8  1-0

[Event "Gausdal Classics GMA"]
[Site "Gausdal NOR"]
[Date "2008.04.09"]
[Round "2"]
[White "Krush,I"]
[Black "Ikonnikov,Vy"]
[Result "1-0"]
[WhiteElo "2479"]
[BlackElo "2578"]

1.d4 Nf6 2.c4 e6 3.Nc3 Bb4 4.Qc2 d6 5.e3 O-O 6.Bd3 e5 7.Ne2 Re8 8.O-O Bxc3
9.Qxc3 e4 10.Bc2 Bf5 11.b4 Nbd7 12.a4 c6 13.b5 Rc8 14.Ng3 Bg6 15.Ba3 cxb5
16.axb5 Nd5 17.Qb3 N5b6 18.Bxd6 Nxc4 19.Bb4 Qb6 20.h3 h5 21.Rfe1 f5 22.Qa4 Bf7
23.Bb3 g6 24.Ne2 Ra8 25.Rec1 Rec8 26.Be1 Nd6 27.Bxf7+ Kxf7 28.Qb3+ Kg7 29.Qe6 Nf6
30.Ba5 Rxc1+ 31.Rxc1 Qxa5 32.Qxd6 Rf8 33.Nf4 Rf7 34.Ne6+  1-0

[Event "Gausdal Classics GMA"]
[Site "Gausdal NOR"]
[Date "2008.04.11"]
[Round "4"]
[White "Krush,I"]
[Black "Macieja,B"]
[Result "1/2-1/2"]
[WhiteElo "2479"]
[BlackElo "2599"]

1.d4 e6 2.c4 Nf6 3.Nc3 Bb4 4.e3 O-O 5.Bd3 c5 6.Nf3 d5 7.O-O dxc4 8.Bxc4 cxd4
9.exd4 b6 10.Bg5 Bb7 11.Ne5 Bxc3 12.bxc3 Nbd7 13.Qe2 Qc7 14.Nxd7 Nxd7 15.Rac1 Rfe8
16.Bb3 h6 17.Bh4 Qc6 18.f3 b5 19.c4 bxc4 20.Bxc4 Rec8 21.Qb2 Qb6 22.Qxb6 Nxb6
23.Bb5 a6 24.Bd3 Bd5 25.Rxc8+ Rxc8  1/2-1/2

[Event "USCL 2008"]
[Site "ICC INT"]
[Date "2008.09.03"]
[Round "2"]
[White "Krush,I"]
[Black "Perea,O"]
[Result "0-1"]
[WhiteElo "2470"]
[BlackElo "2376"]

1.d4 d5 2.c4 dxc4 3.e3 Nf6 4.Bxc4 e6 5.Nf3 c5 6.O-O Nc6 7.Nc3 Be7 8.Qe2 cxd4
9.Rd1 e5 10.exd4 exd4 11.Nb5 Bg4 12.h3 Bxf3 13.Qxf3 O-O 14.Be3 Bc5 15.Bg5 Be7
16.Be3 Bc5 17.Bg5 Be7 18.Qd3 Qb6 19.Re1 Rad8 20.Rab1 a6 21.Na3 Qc5 22.Bf4 Nd5
23.Qg3 Nxf4 24.Qxf4 d3 25.Rbd1 d2 26.Re4 Bg5 27.Qg4 Bh6 28.Bb3 Nd4 29.Kh1 Nxb3
30.axb3 Qxf2 31.Re2 Qb6  0-1

[Event "1st WMSG Blitz Ind w"]
[Site "Beijing CHN"]
[Date "2008.10.04"]
[Round "2"]
[White "Ju Wenjun"]
[Black "Krush,I"]
[Result "0-1"]
[WhiteElo "2397"]
[BlackElo "2452"]

1.d4 d5 2.c4 dxc4 3.Nf3 Nf6 4.e3 e6 5.Bxc4 c5 6.O-O a6 7.Bb3 b5 8.a4 b4 9.e4 cxd4
10.Nbd2 Be7 11.e5 Nfd7 12.Nc4 Nc5 13.Nxd4 Nxb3 14.Nxb3 O-O 15.Qf3 Ra7 16.Be3 Rd7
17.Bb6 Qe8 18.Nd6 Bxd6 19.exd6 Bb7 20.Qe3 Bd5 21.Bc5 Nc6 22.Rfd1 Qa8 23.f3 Rc8
24.Rac1 Nd8 25.Nd4 h6 26.Bxb4 Nb7 27.Rxc8+ Qxc8 28.Rc1 Qd8 29.Nc6 Bxc6 30.Rxc6 Nxd6
31.Qc3 Kh7 32.Rxa6 Nf5 33.h3 Rd1+ 34.Kh2 Qb8+ 35.f4 Qxf4+  0-1

[Event "1st WMSG Blitz Ind w"]
[Site "Beijing CHN"]
[Date "2008.10.04"]
[Round "7"]
[White "Mohota,N"]
[Black "Krush,I"]
[Result "0-1"]
[WhiteElo "2311"]
[BlackElo "2452"]

1.d4 d5 2.c4 dxc4 3.e3 Nf6 4.Bxc4 e6 5.Nf3 c5 6.O-O a6 7.Bb3 Nc6 8.Nc3 b5
9.a4 b4 10.Ne2 Bb7 11.dxc5 Qa5 12.Ned4 Bxc5 13.Qc2 Nxd4 14.Nxd4 O-O 15.Bc4 Rac8
16.Qb3 Rfd8 17.Rd1 Qc7 18.Be2 Bd5 19.Qd3 a5 20.Bd2 Qb7 21.f3 e5 22.Nf5 Be6
23.Qb1 e4 24.Kh1 Bxf5 25.f4 Ng4 26.Kg1 Nxe3 27.Bxe3 Bxe3+ 28.Kh1 Bd2 29.Qa2 e3
30.b3 Be4 31.Bf1 Rc2 32.Qb1 Rdc8 33.Ra2 h6 34.Rxc2 Bxc2 35.Qb2 Bxd1 36.Qb1 e2  0-1

[Event "1st WMSG Blitz Ind w"]
[Site "Beijing CHN"]
[Date "2008.10.04"]
[Round "8"]
[White "Huang Qian"]
[Black "Krush,I"]
[Result "1-0"]
[WhiteElo "2430"]
[BlackElo "2452"]

1.d4 Nf6 2.c4 g6 3.Nc3 Bg7 4.e4 d6 5.Nf3 O-O 6.Be2 e5 7.O-O Nc6 8.d5 Ne7
9.b4 Nh5 10.Re1 Nf4 11.Bxf4 exf4 12.Rc1 h6 13.c5 g5 14.Nd4 Ng6 15.cxd6 cxd6
16.Ncb5 a6 17.Nc7 Rb8 18.b5 Qf6 19.Nb3 axb5 20.Nxb5 Ra8 21.a3 Nh4 22.Bg4 f3
23.g3 Ng6 24.Bxc8 Rfxc8 25.Re3 Ne5 26.N3d4 g4 27.Rec3 Rxc3 28.Rxc3 Nd7 29.Rc1 Nc5
30.Qd2 Nxe4 31.Qe3 Nc5 32.Re1 Qe5 33.h3 Qxe3 34.Rxe3 h5 35.Nc7 Rc8 36.Ncb5 Be5
37.Nf5 Rd8 38.hxg4 hxg4 39.Nh6+ Kg7 40.Nxg4 f6 41.Rxf3 Ra8 42.Ne3 Ra5 43.Nf5+ Kg6
44.Nfxd6 Ra4 45.Re3 b6 46.f4 Bb2 47.Kg2 Ra5  1-0

[Event "1st WMSG Blitz Pair"]
[Site "Beijing CHN"]
[Date "2008.10.08"]
[Round "1"]
[White "Greeff,M"]
[Black "Krush,I"]
[Result "0-1"]
[WhiteElo "1963"]
[BlackElo "2452"]

1.e4 c5 2.Nf3 a6 3.d4 cxd4 4.Nxd4 Nf6 5.e5 Qa5+ 6.Nc3 Qxe5+ 7.Be3 e6 8.Nf3 Qa5
9.Qd2 Bb4 10.a3 Ne4 11.Qc1 Bxc3+ 12.bxc3 Qxc3+ 13.Bd2 Nxd2 14.Nxd2 b5 15.Bd3 Bb7
16.O-O O-O 17.Ne4 Bxe4 18.Bxe4 d5 19.Bd3 Nd7 20.Qg5 Nc5 21.Rad1 Nxd3 22.Rxd3 Qxc2
23.Rg3 Qg6 24.Qe5 Qh6 25.Rh3 Qf6 26.Qe3 Rac8 27.Rf3 Qb2 28.Qd3 h6 29.Re1 Rc1
30.Re3 Rfc8 31.h3 Rxe1+ 32.Rxe1 Rc2 33.Qe3 d4 34.Qe4 Rxf2 35.Qa8+ Kh7 36.Qe4+ f5
37.Qxe6 Rxg2+ 38.Kh1 Rh2+ 39.Kg1 Qf2+  0-1

[Event "1st WMSG Blitz Pair"]
[Site "Beijing CHN"]
[Date "2008.10.08"]
[Round "3"]
[White "Vasilevich,T"]
[Black "Krush,I"]
[Result "0-1"]
[WhiteElo "2368"]
[BlackElo "2452"]

1.d4 d5 2.c4 dxc4 3.e3 Nf6 4.Bxc4 e6 5.Nf3 c5 6.O-O a6 7.a4 Nc6 8.Qe2 Qc7
9.Nc3 Bd6 10.h3 O-O 11.d5 exd5 12.Nxd5 Nxd5 13.Bxd5 Bd7 14.Bd2 Rad8 15.Bc3 Bc8
16.Rfd1 Ne5 17.Rac1 b6 18.b3 Nxf3+ 19.Qxf3 b5 20.axb5 axb5 21.Bb2 Qe7 22.Qe2 Bd7
23.Qc2 Kh8 24.Ra1 Be6 25.Qc3 f6 26.Bc6 Be5 27.Qc2 Bxb2 28.Qxb2 b4 29.Qc2 Qc7
30.Be4 f5 31.Rxd8 Qxd8 32.Rd1 Qe7 33.Bd3 Rd8 34.Rc1 Qf7 35.Bc4 Bxc4 36.Qxc4 Qxc4
37.Rxc4 g6 38.Rxc5 Rd3 39.Kf1 Rxb3 40.Ke2 Kg7 41.Rc7+ Kg8 42.g4 fxg4 43.hxg4 h6
44.e4 Rb1 45.e5 b3 46.e6 b2 47.Rb7 Kf8 48.Kd2 Rf1 49.Rxb2 Rxf2+ 50.Kc3 Rxb2
51.Kxb2 Ke7 52.Kc3 Kxe6 53.Kd4 Kf6 54.Ke4 Kg5 55.Kf3 Kh4 56.Kf4 g5+ 57.Kf5 Kg3
58.Kg6 Kxg4  0-1

[Event "1st WMSG Blitz Pair"]
[Site "Beijing CHN"]
[Date "2008.10.08"]
[Round "4"]
[White "Krush,I"]
[Black "Hou Yifan"]
[Result "0-1"]
[WhiteElo "2452"]
[BlackElo "2578"]

1.d4 e6 2.c4 Nf6 3.Nc3 Bb4 4.Qc2 d5 5.a3 Bxc3+ 6.Qxc3 Ne4 7.Qc2 c5 8.dxc5 Nc6
9.cxd5 exd5 10.Nf3 Qf6 11.e3 Bg4 12.Be2 O-O 13.Bd2 Rfe8 14.Bc3 Nxc3 15.bxc3 Qe7
16.O-O Qxc5 17.Rfb1 Rab8 18.Rb5 Qd6 19.Rd1 Qxa3 20.Rbxd5 Be6 21.Ng5 g6 22.Nxe6 Rxe6
23.Rd7 Re7 24.Rxe7 Qxe7 25.h3 Rc8 26.Qb2 Rc7 27.Qb5 Qf6 28.c4 Re7 29.c5 Kg7
30.Bf3 Rc7 31.Rd6 Qa1+ 32.Kh2 Qe5+ 33.Kg1 Ne7 34.Bxb7 Rxc5 35.Qd7 Rc1+ 36.Rd1 Rc7
37.Qd4 Qxd4  0-1

[Event "1st WMSG Blitz Pair"]
[Site "Beijing CHN"]
[Date "2008.10.08"]
[Round "5"]
[White "Krush,I"]
[Black "Paehtz,E"]
[Result "0-1"]
[WhiteElo "2452"]
[BlackElo "2471"]

1.d4 d6 2.c4 e5 3.Nc3 Nc6 4.d5 Nb8 5.e4 g6 6.Be2 Bg7 7.Be3 a5 8.c5 dxc5 9.Bxc5 Na6
10.Be3 Ne7 11.Nf3 O-O 12.O-O f5 13.Rc1 f4 14.Bd2 Bf6 15.Nb5 c6 16.d6 cxb5
17.dxe7 Qxe7 18.Bxb5 Nc5 19.Qe2 Bg4 20.h3 Bxf3 21.Qxf3 Kg7 22.Bc4 b6 23.Bd5 Rad8
24.b4 Ne6 25.Bxe6 Qxe6 26.Rfd1 Qxa2 27.bxa5 bxa5 28.Qc3 Rd4 29.Bxf4 Rxd1+
30.Rxd1 exf4 31.e5 Be7 32.e6+ Rf6 33.Rd7 Qxe6 34.Qc7 Rf7 35.Qa7 f3 36.gxf3 Bb4
37.Qd4+ Qf6  0-1

[Event "1st WMSG Blitz Pair"]
[Site "Beijing CHN"]
[Date "2008.10.08"]
[Round "7"]
[White "Krush,I"]
[Black "Socko,M"]
[Result "1-0"]
[WhiteElo "2452"]
[BlackElo "2434"]

1.d4 Nf6 2.c4 e6 3.Nc3 Bb4 4.Qc2 O-O 5.Bg5 c5 6.d5 d6 7.O-O-O Bxc3 8.bxc3 e5
9.e4 b5 10.cxb5 a6 11.b6 Nbd7 12.h4 Qxb6 13.Rh3 Qa5 14.c4 Rb8 15.Bd2 Qc7
16.Rb3 a5 17.Bd3 Ba6 18.Ne2 Nb6 19.Bxa5 Qa7 20.Bd2 Bc8 21.Kb1 Bd7 22.Nc3 Na4
23.Ka1 Nxc3 24.Qxc3 Ng4 25.f3 Nf6 26.Rdb1 Rxb3 27.Qxb3 Ra8 28.Rb2 h6 29.g4 Ne8
30.Qb6 Qa4 31.Qb3 Nc7 32.Qxa4 Bxa4 33.Rb6 Ne8 34.Kb2 Bd1 35.f4 Bxg4 36.fxe5 dxe5
37.Be3 Rc8 38.a4 Ra8 39.Ka3 Bd1 40.Bxc5 Bxa4 41.Kb4 Bd7 42.Be3 Ra4+ 43.Kb3 Ra1
44.c5 Rd1 45.Kc3 Re1 46.Bd2 Ra1 47.c6 Bc8 48.Rb8 Nd6 49.Kb2 Rd1 50.Bb4 Kh7
51.Bxd6 Bg4 52.Bc2 Rd2 53.c7 Rh2 54.Bxe5 Rxh4 55.d6 Rh1 56.Rd8 h5 57.d7 Bxd7
58.Rxd7 h4 59.c8=Q h3 60.Qf8 Rg1 61.Rxf7 h2 62.Rxg7+ Rxg7 63.Qxg7+  1-0

[Event "1st WMSG Blitz Pair"]
[Site "Beijing CHN"]
[Date "2008.10.08"]
[Round "9"]
[White "Krush,I"]
[Black "Hoang Thi Nhu Y"]
[Result "0-1"]
[WhiteElo "2452"]
[BlackElo "2127"]

1.d4 f5 2.e4 d6 3.Nc3 Nf6 4.Bd3 e6 5.Nf3 Be7 6.O-O O-O 7.exf5 exf5 8.Re1 d5
9.Ne5 c6 10.Ne2 Ne4 11.f3 Nd6 12.Nf4 Bf6 13.c3 Re8 14.Qc2 Nd7 15.Nh5 Bxe5
16.dxe5 Nxe5 17.Bf4 Nxd3 18.Qxd3 Rxe1+ 19.Rxe1 Qh4 20.Nxg7 Qxe1+  0-1

[Event "1st WMSG Blitz Pair"]
[Site "Beijing CHN"]
[Date "2008.10.08"]
[Round "10"]
[White "Hoang Thanh Trang"]
[Black "Krush,I"]
[Result "0-1"]
[WhiteElo "2483"]
[BlackElo "2452"]

1.d4 d5 2.Bg5 f6 3.Bf4 Nc6 4.Nf3 Bf5 5.e3 e6 6.Bd3 Bd6 7.Bxd6 Qxd6 8.O-O Nge7
9.c4 O-O 10.Nc3 Kh8 11.Rc1 dxc4 12.Bxc4 a6 13.h3 Rad8 14.Qe2 e5 15.Rfd1 exd4
16.Nxd4 Nxd4 17.Rxd4 Qb6 18.Rcd1 c5 19.R4d2 Qc7 20.Nd5 Nxd5 21.Bxd5 b5 22.e4 Bg6
23.Qe3 c4 24.Rc1 Rfe8 25.f3 f5 26.Re1 fxe4 27.fxe4 Re5 28.Qf2 Rde8 29.Qf4 Qc5+
30.Kh2 h6 31.Qg3 Kh7 32.Rde2 b4 33.Qe3 Qc7 34.Qg3 Qc5 35.Rd1 Bxe4 36.Bxe4+ Rxe4
37.Rxe4 Rxe4 38.Rd7 Qg5 39.Qc7  0-1

[Event "1st WMSG Blitz Pair"]
[Site "Beijing CHN"]
[Date "2008.10.08"]
[Round "11"]
[White "Sukandar,I"]
[Black "Krush,I"]
[Result "0-1"]
[WhiteElo "2303"]
[BlackElo "2452"]

1.e4 c5 2.Nf3 a6 3.c4 Nc6 4.d4 cxd4 5.Nxd4 e5 6.Nf3 Bc5 7.Nc3 d6 8.h3 Nge7
9.Be2 O-O 10.O-O h6 11.a3 Be6 12.b4 Ba7 13.Bb2 Rc8 14.Nd5 f5 15.Bd3 fxe4
16.Bxe4 Nf5 17.Re1 Ncd4 18.Nxd4 Nxd4 19.Ne3 Qh4 20.f3 Rxc4 21.Kh1 Rc7 22.Bd5 Bxd5
23.Nxd5 Rcf7 24.Bxd4 Bxd4 25.Rc1 Rxf3  0-1

[Event "1st WMSG Rapid Pair"]
[Site "Beijing CHN"]
[Date "2008.10.09"]
[Round "2"]
[White "Krush,I"]
[Black "Li Ruofan"]
[Result "1/2-1/2"]
[WhiteElo "2452"]
[BlackElo "2426"]

1.d4 Nf6 2.c4 e6 3.Nc3 Bb4 4.Qc2 d5 5.a3 Be7 6.Bg5 Nbd7 7.e3 O-O 8.Nf3 a6
9.cxd5 exd5 10.Bd3 c6 11.O-O Re8 12.b4 Nf8 13.Rab1 g6 14.a4 Ne6 15.Bh4 Ng7
16.b5 axb5 17.axb5 Bf5 18.bxc6 bxc6 19.Ne5 Bxd3 20.Qxd3 Rc8 21.Qa6 Nd7 22.Bxe7 Rxe7
23.Nxd7 Rxd7 24.Na4 Rdc7 25.Nc5 Ne6 26.Rfc1 Nxc5 27.Rxc5 Qd7 28.h3 h5 29.Rbc1 Kg7
30.Qd3 Qe6 31.Qd1 Qe4 32.Qa4 Qe8 33.Ra5 Qd7 34.Ra8 Rxa8 35.Qxa8 Rc8 36.Qa6 Rc7
37.Qb6 Qd6 38.Ra1 Rc8 39.Rc1 Rc7 40.h4 Rc8 41.g3 Rc7 42.Qb8 Qd7 43.Ra1 Qc8
44.Qb2 Rb7 45.Qc3 Qe6 46.Rc1 Rb6 47.Qa5 Rb2 48.Qc3 Rb6 49.Qa5 Rb2 50.Qc3 Rb6
51.Qa5 Rb2 52.Qc3 Rb6 53.Qa5  1/2-1/2

[Event "1st WMSG Rapid Pair"]
[Site "Beijing CHN"]
[Date "2008.10.10"]
[Round "4"]
[White "Krush,I"]
[Black "Dembo,Y"]
[Result "0-1"]
[WhiteElo "2452"]
[BlackElo "2446"]

1.d4 Nf6 2.c4 g6 3.Nc3 Bg7 4.e4 d6 5.Nf3 O-O 6.h3 e5 7.d5 Na6 8.Bg5 h6 9.Be3 Nh5
10.Nh2 Kh7 11.g3 Nc5 12.b4 Na6 13.a3 Qe8 14.Be2 Nf6 15.g4 Ng8 16.Rg1 Qe7
17.Nf1 Bf6 18.Qd2 Bg5 19.O-O-O Bd7 20.Bxg5 Qxg5 21.Ne3 Rfd8 22.Rg3 Be8 23.Rh1 c6
24.h4 Qe7 25.g5 h5 26.Bxh5 gxh5 27.Qe2 Kg6 28.Nf5 Qc7 29.Re3 Bd7 30.dxc6 bxc6
31.Rd1 Be6 32.Ng3 Bg4 33.f3 Be6 34.Rg1 Qd7 35.Qf2 Bxc4 36.f4 exf4 37.Qxf4 Be6
38.Nce2 c5 39.Qf2 cxb4 40.Nf4+ Kh7 41.Ngxh5 Rdc8+ 42.Kb1 bxa3 43.Nf6+ Nxf6
44.gxf6 Qb5+ 45.Ka1 Qe5+  0-1

[Event "1st WMSG Rapid Pair"]
[Site "Beijing CHN"]
[Date "2008.10.10"]
[Round "5"]
[White "Houska,Jo"]
[Black "Krush,I"]
[Result "1/2-1/2"]
[WhiteElo "2399"]
[BlackElo "2452"]

1.d4 d5 2.Nf3 Nf6 3.e3 c5 4.c4 e6 5.cxd5 exd5 6.Be2 Nc6 7.O-O Be7 8.dxc5 Bxc5
9.a3 O-O 10.b4 Bd6 11.Bb2 Qe7 12.Nc3 Rd8 13.Nb5 Bb8 14.Nbd4 Ne5 15.Nxe5 Qxe5
16.g3 Bh3 17.Re1 Qe7 18.Bf1 Bxf1 19.Rxf1 Be5 20.Nf5 Qe6 21.Bxe5 Qxe5 22.Qf3 g6
23.Nd4 Ne4 24.Qf4 Qxf4 25.gxf4 Rac8 26.Rfc1 Kf8 27.Kf1 Ke7 28.Ke2 Nd6 29.Nb3 Nc4
30.Rc3 Nd6 31.Rac1 Rxc3 32.Rxc3 Rc8 33.Rxc8 Nxc8 34.Kd3 Kd6 35.Nd4 a6 36.Nf3 f6
37.Nd4  1/2-1/2

[Event "1st WMSG Rapid Pair"]
[Site "Beijing CHN"]
[Date "2008.10.10"]
[Round "6"]
[White "Krush,I"]
[Black "Medvegy,N"]
[Result "1-0"]
[WhiteElo "2452"]
[BlackElo "2355"]

1.d4 Nf6 2.c4 e6 3.Nc3 Bb4 4.Qc2 O-O 5.a3 Bxc3+ 6.Qxc3 b6 7.Bg5 Ba6 8.e3 d6
9.Qc2 Nbd7 10.Ne2 c5 11.dxc5 bxc5 12.Nc3 Qb6 13.O-O-O Rab8 14.Rd2 Rfe8 15.Be2 h6
16.Bh4 Bb7 17.Rhd1 d5 18.f4 Bc6 19.Bf3 dxc4 20.Rd6 Rec8 21.Bxc6 Rxc6 22.Rxd7 Nxd7
23.Rxd7 Rd6 24.Rxd6 Qxd6 25.Qd1 Qb6 26.Qe2 Qa6 27.e4 Qb6 28.e5 Rb7 29.Bf2 Qc6
30.Qe4 Qb6 31.Qc2 Qc6 32.Ne4 Qd5 33.Nd6 Rd7 34.Be3 Rd8 35.Nxc4 Rb8 36.b3 Rb7
37.Kb2 a6 38.Nd6 Rc7 39.b4 c4 40.Kc3 Rc6 41.Qd2 Kf8 42.Qxd5 exd5 43.Bc5 Kg8
44.Kd4 f6 45.e6 Rc7 46.Nf5 g6 47.Ne3 a5 48.Nxd5 Rc6 49.Kxc4 axb4 50.axb4 Rxe6
51.b5 Re2 52.b6 Rc2+ 53.Nc3 Rb2 54.Bb4 Rd2 55.b7 Rd8 56.Bd6 Kf7 57.Kd4  1-0

[Event "1st WMSG Rapid Pair"]
[Site "Beijing CHN"]
[Date "2008.10.10"]
[Round "7"]
[White "Krush,I"]
[Black "Socko,M"]
[Result "1-0"]
[WhiteElo "2452"]
[BlackElo "2434"]

1.d4 Nf6 2.c4 e6 3.Nc3 Bb4 4.Qc2 O-O 5.e4 d5 6.e5 Ne4 7.Bd3 c5 8.Ne2 Nd7
9.Bf4 cxd4 10.Nxd4 Ndc5 11.O-O Nxd3 12.Qxd3 Bxc3 13.bxc3 b6 14.cxd5 Nc5 15.Qg3 Ne4
16.Qe3 exd5 17.Rfd1 Bb7 18.Nf5 Qe8 19.f3 Nc5 20.Nxg7 Qd7 21.Bg5 f5 22.Bf6 Qf7  1-0

[Event "1st WMSG Rapid Pair"]
[Site "Beijing CHN"]
[Date "2008.10.11"]
[Round "8"]
[White "Pourkashiyan,A"]
[Black "Krush,I"]
[Result "1-0"]
[WhiteElo "2241"]
[BlackElo "2452"]

1.e4 c5 2.Nf3 d6 3.d4 cxd4 4.Nxd4 Nf6 5.Nc3 Nc6 6.Bc4 Qb6 7.Be3 Qxb2 8.Ndb5 Qb4
9.Qe2 Qa5 10.Bd2 Qd8 11.Nd5 Nxd5 12.exd5 Ne5 13.Bb3 a6 14.f4 Ng4 15.Nd4 Nf6
16.O-O g6 17.Rae1 Qb6 18.c3 Qc5 19.Kh1 Bg4 20.Qd3 Bd7 21.f5 Bg7 22.Bg5 Kf8
23.Qe3 Re8 24.Bh6 Ng4 25.Bxg7+ Kxg7 26.Qg5 Nf6 27.fxg6 h6 28.Qh4  1-0

[Event "Masters"]
[Site "Berkeley USA"]
[Date "2008.12.17"]
[Round "4"]
[White "Sharavdorj,D"]
[Black "Krush,I"]
[Result "1/2-1/2"]
[WhiteElo "2441"]
[BlackElo "2452"]

1.d4 Nf6 2.Nf3 g6 3.c4 Bg7 4.Nc3 O-O 5.e4 d6 6.Be2 e5 7.Be3 exd4 8.Nxd4 Re8
9.f3 c6 10.Bf2 d5 11.exd5 cxd5 12.O-O dxc4 13.Bxc4 Nbd7 14.Bxf7+ Kxf7 15.Qb3+ Kf8
16.Ne6+ Rxe6 17.Qxe6 Qe7 18.Qb3 Nc5 19.Qc4 b6 20.Rfe1 Qf7 21.Bxc5+ bxc5 22.Qxc5+ Kg8
23.Rad1 Bf5 24.Qe7 Qxe7 25.Rxe7 Bf8 26.Rc7 Rb8 27.g4 Be6 28.b3 g5 29.Re1 Rc8
30.Rxc8 Bxc8 31.Re5 h6 32.Kg2 Kf7 33.Rb5 Bd6 34.Nd5 Nxd5 35.Rxd5 Ke6 36.Ra5 a6
37.h4 gxh4 38.Rh5 Bf4 39.Rxh4 Ke5 40.Rh1 Kd4 41.Kf2 Kc3 42.Rh5 Kb2 43.Rc5 Bb7
44.Rc4 Bd6 45.Ra4 Ba3 46.b4 Kxa2 47.Ra5 Kb3 48.b5 Kb4 49.bxa6 Kxa5 50.axb7 Bd6
51.f4  1/2-1/2

[Event "Masters"]
[Site "Berkeley USA"]
[Date "2008.12.18"]
[Round "5"]
[White "Krush,I"]
[Black "Esserman,M"]
[Result "1-0"]
[WhiteElo "2452"]
[BlackElo "2348"]

1.d4 f5 2.c4 Nf6 3.Nc3 g6 4.h4 Bg7 5.h5 Nxh5 6.e4 Nf6 7.exf5 gxf5 8.Bg5 e6
9.Qd2 Qe7 10.O-O-O d6 11.Nd5 Qf7 12.Nxf6+ Bxf6 13.Be2 O-O 14.Bxf6 Qxf6 15.Nf3 Qg7
16.Rh3 Rf6 17.Rdh1 f4 18.g4 fxg3 19.Rxg3 Rg6 20.Bd3 Rxg3 21.fxg3 Nc6 22.Rxh7 Qf6
23.Rh6  1-0

[Event "Masters"]
[Site "Berkeley USA"]
[Date "2008.12.19"]
[Round "6"]
[White "Krush,I"]
[Black "Izoria,Z"]
[Result "1/2-1/2"]
[WhiteElo "2452"]
[BlackElo "2610"]

1.d4 d5 2.c4 c6 3.Nf3 Nf6 4.Nc3 a6 5.a4 e6 6.Bg5 Nbd7 7.a5 h6 8.Bh4 dxc4
9.e3 b5 10.axb6 Nxb6 11.Ne5 c5 12.Nxc4 cxd4 13.exd4 Be7 14.Ne3 O-O 15.Be2 Bb7
16.O-O Qd7 17.Qd3 Rfd8 18.Rfd1 Nfd5 19.Ncxd5 Nxd5 20.Bxe7 Qxe7 21.Nxd5 Rxd5
22.Qb3 Rd7 23.Bf3 Bd5 24.Bxd5 Rxd5 25.Qb6 Rd6 26.Qb4 Qd8 27.g3 Rb8 28.Qc4 a5
29.Qc3 Rb4 30.Kg2 Rd5 31.h4 g6 32.Rd2 e5 33.Re1 Rdxd4 34.Rde2 e4 35.Qc6 Qb6
36.Qe8+ Kg7 37.Qe5+ Kh7 38.Qe7 Qb7 39.Qxb7 Rxb7 40.Rxe4 Rxe4 41.Rxe4 Rxb2
42.Re7 Kg7 43.Ra7 Rb5 44.g4 h5 45.f3 hxg4 46.fxg4 g5 47.hxg5 Rxg5 48.Kg3 Rb5
49.Kh4 Kg6 50.Ra6+ f6 51.Ra7 Rc5 52.Ra6 Kf7 53.Kg3 a4 54.Rxa4 f5 55.gxf5  1/2-1/2

[Event "Masters"]
[Site "Berkeley USA"]
[Date "2008.12.20"]
[Round "7"]
[White "Milman,L"]
[Black "Krush,I"]
[Result "0-1"]
[WhiteElo "2488"]
[BlackElo "2452"]

1.e4 c5 2.Nf3 d6 3.d4 cxd4 4.Nxd4 Nf6 5.Nc3 a6 6.Be2 e5 7.Nb3 Be7 8.Be3 Be6
9.Nd5 Nxd5 10.exd5 Bf5 11.O-O O-O 12.Qd2 a5 13.a4 Nd7 14.Bb5 Nc5 15.Nxc5 dxc5
16.f4 e4 17.Bc4 Bd6 18.Ra3 Qc7 19.Kf2 Bd7 20.Ke1 f5 21.Kd1 Rfb8 22.Qe2 Qd8
23.b3 Qe8 24.Bd2 b5 25.axb5 Bxb5 26.Kc1 Bxc4 27.Qxc4 Qh5 28.h3 Qh4 29.Rxa5 Qg3
30.Qe2 Rxa5 31.Bxa5 Bxf4+ 32.Bd2 Bxd2+ 33.Kxd2 Qe5 34.Qc4 Rd8 35.Ke2 g6 36.Qxc5 Rxd5
37.Qc4 Kg7 38.b4 Rd7 39.Rd1 Rc7 40.Qb3 Rc3 41.Qa4 f4 42.Qd7+ Kh6 43.Rd5 Rxc2+
44.Kd1 Qb2 45.Rh5+ gxh5 46.Qd6+ Kg5 47.Qd8+ Kg6 48.Qd6+ Qf6 49.Qxf6+ Kxf6
50.Kxc2 h4  0-1